000 00675nam a2200193 i 4500
001 24780
003 ES-MaACL
005 20230906153128.0
007 t|
008 021218s1913 es |||| | spa d
245 0 0 _aAnuario estadístico de 1912.
260 _aSan Salvador :
_b[s.n.],
_c1913 (
_fTip. "La Unión")
300 _a175 p. ;
_c26 cm.
594 _aPrecede al tít.: Dirección General de Estadística de la República de El Salvador, América Central.
651 4 _aEl Salvador-
_vEstadísticas.
_9168233
651 4 _aEl Salvador-
_xDescripción.
_9144849
710 1 _aEl Salvador.
_bDirección General de Estadística.
_93461
852 _aES-MaACL
_jT-1381-F-6
999 _c24780
_d24780